| Tag |
First Indicator |
Second Indicator |
Subfields |
| LEADER |
00000cam a2200000 i 4500 |
| 001 |
in00004816021 |
| 008 |
000601s2001 azua bcf 001 0 eng |
| 005 |
20240808153610.6 |
| 010 |
|
|
|a 00009773
|
| 035 |
|
|
|a (OCoLC)ocm44263349
|
| 040 |
|
|
|a DLC
|b eng
|e rda
|c DLC
|d AGL
|d BAKER
|d BTCTA
|d YDXCP
|d LVB
|d UCO
|d OCLCQ
|d GGYBL
|d BDX
|d OCLCF
|d OCLCQ
|d OCLCO
|d OCL
|d NLC
|d GILDS
|d OCLCQ
|d OCLCO
|d TYC
|d OCLCQ
|d OCL
|d MRM
|d TFW
|d CBA
|d OCLCO
|d OCLCQ
|d OCLCO
|d OCL
|d OCLCO
|d XQM
|d OCLCA
|d ZHL
|d OCLCA
|d OCLCO
|d OCLCL
|
| 016 |
|
|
|a (AMICUS)000025488687
|
| 019 |
|
|
|a 224704635
|a 1033662498
|a 1191355378
|a 1201864523
|
| 020 |
|
|
|a 1573562882
|q (alk. paper)
|
| 020 |
|
|
|a 9781573562881
|q (alk. paper)
|
| 029 |
1 |
|
|a AU@
|b 000021563851
|
| 029 |
1 |
|
|a AU@
|b 000026549252
|
| 029 |
1 |
|
|a NLC
|b 000025488687
|
| 029 |
1 |
|
|a NZ1
|b 5741184
|
| 029 |
1 |
|
|a YDXCP
|b 1688004
|
| 035 |
|
|
|a (OCoLC)44263349
|z (OCoLC)224704635
|z (OCoLC)1033662498
|z (OCoLC)1191355378
|z (OCoLC)1201864523
|
| 043 |
|
|
|a n-us---
|
| 050 |
0 |
0 |
|a Z1223.Z7
|b S4 2001
|a J83
|
| 055 |
0 |
2 |
|a Z1223
|
| 060 |
|
4 |
|a Z 1223 .Z7 S42 2001
|
| 070 |
0 |
|
|a Z1223.Z7
|b S4 2001
|
| 072 |
|
7 |
|a coll2
|2 lacc
|
| 082 |
0 |
0 |
|a 015.73/053
|2 21
|
| 084 |
|
|
|a coll2
|2 lacc
|
| 086 |
0 |
|
|a Z1223.Z7 S4 2001
|
| 049 |
|
|
|a MAIN
|
| 100 |
1 |
|
|a Sears, Jean L,
|e author
|
| 245 |
1 |
0 |
|a Using government information sources :
|b electronic and print /
|c Jean L. Sears and Marilyn K. Moody.
|
| 250 |
|
|
|a 3rd ed.
|
| 264 |
|
1 |
|a Phoenix, Ariz. :
|b Oryx Press,
|c [2001]
|
| 264 |
|
4 |
|c ©2001
|
| 300 |
|
|
|a 536 pages :
|b illustrations ;
|c 29 cm
|
| 336 |
|
|
|a text
|b txt
|2 rdacontent
|
| 337 |
|
|
|a unmediated
|b n
|2 rdamedia
|
| 338 |
|
|
|a volume
|b nc
|2 rdacarrier
|
| 504 |
|
|
|a Includes bibliographical references and index.
|
| 505 |
0 |
|
|a Introduction -- Search strategy and government information sources -- The basics of searching : the subject search -- Foreign policy -- Foreign countries -- Occupations and jobs -- Selling to the government -- Business aids -- Directories -- Tax information -- Travel information -- Audiovisual information -- Copyright information -- Climate -- Elections -- Maps -- Genealogy -- Agriculture -- Health -- Education -- Geology -- Environment -- Astronomy and space : the agency search -- Government programs and grants -- Regulations and administrative actions -- Administrative decisions -- The President : the statistical search -- Population statistics -- Vital statistics -- Economic indicators -- Business and industry statistics -- Housing and construction statistics -- Income -- Earnings -- Employment -- Prices -- Consumer expenditures -- Foreign trade statistics -- Crime and criminal justice statistics -- Defense and military statistics -- Energy statistics -- Projections -- State and local government statistics -- Transportation statistics : special techniques -- Legislative history -- Judicial reports -- Budget analysis -- Treaties -- Technical reports -- Patents and trademarks -- Standards and specifications -- Historical searches.
|
| 520 |
2 |
|
|a " ... a guide to the most commonly used government information sources and an introduction to related research strategies."--Preface.
|
| 590 |
|
|
|b TAG Physical Holdings 2
|
| 650 |
|
0 |
|a Government publications
|z United States
|v Handbooks, manuals, etc.
|
| 650 |
|
0 |
|a Government publications
|z United States
|v Bibliography.
|
| 650 |
|
0 |
|a Electronic information resources
|z United States
|v Handbooks, manuals, etc.
|
| 650 |
|
0 |
|a Electronic information resources
|z United States
|v Catalogs.
|
| 650 |
|
2 |
|a Government Publications.
|
| 650 |
|
2 |
|a Internet
|
| 651 |
|
2 |
|a United States
|
| 650 |
|
6 |
|a Publications officielles
|z États-Unis
|v Guides, manuels, etc.
|
| 650 |
|
6 |
|a Publications officielles
|z États-Unis
|v Bibliographie.
|
| 650 |
|
6 |
|a Sources d'information électroniques
|z États-Unis
|v Guides, manuels, etc.
|
| 650 |
|
6 |
|a Sources d'information électroniques
|v Catalogues
|z États-Unis.
|
| 650 |
|
7 |
|a Electronic information resources.
|2 fast
|0 (OCoLC)fst00907295
|
| 650 |
|
7 |
|a Government publications.
|2 fast
|0 (OCoLC)fst00945492
|
| 651 |
|
7 |
|a United States.
|2 fast
|0 (OCoLC)fst01204155
|1 https://id.oclc.org/worldcat/entity/E39PBJtxgQXMWqmjMjjwXRHgrq
|
| 655 |
|
2 |
|a Handbook
|
| 655 |
|
2 |
|a Bibliography
|
| 655 |
|
2 |
|a Catalog
|
| 655 |
|
7 |
|a manuals (instructional materials)
|2 aat
|
| 655 |
|
7 |
|a handbooks.
|2 aat
|
| 655 |
|
7 |
|a bibliographies.
|2 aat
|
| 655 |
|
7 |
|a catalogs (documents)
|2 aat
|
| 655 |
|
7 |
|a Bibliographies.
|2 fast
|0 (OCoLC)fst01919895
|
| 655 |
|
7 |
|a Catalogs.
|2 fast
|0 (OCoLC)fst01423692
|
| 655 |
|
7 |
|a Handbooks and manuals.
|2 fast
|0 (OCoLC)fst01423877
|
| 655 |
|
7 |
|a Handbooks and manuals.
|2 lcgft
|0 http://id.loc.gov/authorities/genreForms/gf2014026109
|
| 655 |
|
7 |
|a Bibliographies.
|2 lcgft
|0 http://id.loc.gov/authorities/genreForms/gf2014026048
|
| 655 |
|
7 |
|a Catalogs.
|2 lcgft
|0 http://id.loc.gov/authorities/genreForms/gf2014026057
|
| 655 |
|
7 |
|a Guides et manuels.
|2 rvmgf
|
| 655 |
|
7 |
|a Bibliographies.
|2 rvmgf
|
| 655 |
|
7 |
|a Catalogues.
|2 rvmgf
|
| 700 |
1 |
|
|a Moody, Marilyn K.
|
| 758 |
|
|
|i has work:
|a Using government information sources (Text)
|1 https://id.oclc.org/worldcat/entity/E39PCXrvVWBDxCYDCmd37JPkH3
|4 https://id.oclc.org/worldcat/ontology/hasWork
|
| 938 |
|
|
|a Baker & Taylor
|b BKTY
|c 173.95
|d 173.95
|i 1573562882
|n 0003547785
|s active
|
| 938 |
|
|
|a Brodart
|b BROD
|n 55180280
|c $173.95
|
| 938 |
|
|
|a Baker and Taylor
|b BTCP
|n 00009773
|
| 938 |
|
|
|a YBP Library Services
|b YANK
|n 1688004
|
| 994 |
|
|
|a 92
|b TAG
|
| 852 |
|
|
|a TAG
|b TAGC
|c galv,ref
|h Z1223.Z7 S4 2001
|t c.1
|
| 876 |
|
|
|c 110.30
|p 33620001068895
|x Acc# 2005-0302
|u noncirc
|v unmediated -- volume
|
| 999 |
f |
f |
|s a99461c0-2c36-41f2-ab82-b8036fb2c8ef
|i b5e0f313-21c1-4ea8-92a9-86f1f5f769d0
|t 0
|
| 952 |
f |
f |
|p noncirc
|a Texas A&M University
|b Galveston Campus
|c Jack K. Williams Library
|d Galveston Reference
|t 0
|e Z1223.Z7 S4 2001
|h Library of Congress classification
|i unmediated -- volume
|m 33620001068895
|
| 998 |
f |
f |
|a Z1223.Z7 S4 2001
|t 0
|l Galveston Reference
|